| 000 | 00330nam a2200109Ia 4500 | ||
|---|---|---|---|
| 008 | 230907s9999||||xx |||||||||||||| ||und|| | ||
| 082 |
_a620.43 _bLIQ |
||
| 245 | 0 | _aLiquid particle size measurement techniques : | |
| 260 |
_aAmerican Society for Testing and Materials, _bPhiladelphia, PA : _c1984 |
||
| 300 | _a197 p. : | ||
| 942 | _cBK | ||
| 999 |
_c599912 _d599912 |
||